Ivan Krasko : literárnohistorická monografia /

Saved in:
Bibliographic Details
Main Author: Brezina, Ján, 1917-1997 (Author)
Format: Book
Language:Slovak
Published: Bratislava : Slovenská akadémia vied a umení, 1946
Series:Práce z vedeckých ústavov SAVU. Rad A. Kultúrnovedný sv. 1
ISBN: (viaz.)
Physical Description: 184 s. : obr.
Tags: Add Tag
No Tags, Be the first to tag this record!

MARC

LEADER 00000cam a22000007a 4500
001 000188708
005 20150405104041.0
008 950525 1946 xo e slo d
020 |a (viaz.)  |c Kčs 16,00 
040 |a SVKKK  |b slo  |c SVKKK  |e AACR2 
041 0 |a slo 
044 |a xo  |c SK 
100 1 |a Brezina, Ján,  |d 1917-1997  |4 aut 
245 1 0 |a Ivan Krasko :  |b literárnohistorická monografia /  |c Ján Brezina. 
260 |a Bratislava :  |b Slovenská akadémia vied a umení,  |c 1946  |e (Martin,  |f Kníhtlačiarsky účastinný spolok) 
300 |a 184 s. :  |b obr. 
490 1 |a Práce z vedeckých ústavov SAVU. Rad A. Kultúrnovedný  |v sv. 1 
500 |a Frontispis 
830 0 |a Práce z vedeckých ústavov SAVU. Rad A. Kultúrnovedný  |v sv. 1 
910 |a svkkk 
998 |a BK 
090 |g SCKHL  |k Sklad Pribinova 1. posch.  |a IV.21979  |j 186841  |i 188708-30  |s Prezenčne 
090 |g SCKHL  |k Sklad Pribinova 1. posch.  |a IV.31600  |j 279965  |i 188708-20  |s Prezenčne 
090 |g SCKHL  |k Sklad Pribinova 1. posch.  |a IV.69975  |j 454726  |i 2720282409  |s Prezenčne